[Event "Championnat de France des Jeunes - Cadet"]
[Site "NIMES"]
[Date "2012.04.14"]
[Round "1.1"]
[White "Sochacki, Christophe"]
[Black "Leharanger, Guillaume"]
[Result "1-0"]
[WhiteElo "2407"]
[BlackElo "1834"]
[PlyCount "65"]

1. e4 d5 2. exd5 Nf6 3. d4 Nxd5 4. Nf3 g6 5. Be2 Bg7 6. h3 O-O 7. O-O Nc6 8. c4
Nb6 9. Be3 e5 10. d5 Ne7 11. Nc3 Re8 12. Qb3 Nf5 13. c5 Nd7 14. c6 Nb6 15. Rad1
Nd6 16. Bb5 Rf8 17. a4 bxc6 18. Bxc6 Bb7 19. Rfe1 Nbc4 20. Nb5 a6 21. Bxb7 Na5
22. Qc2 Naxb7 23. Nxc7 Rc8 24. Bb6 Ne8 25. Nxe8 Rxc2 26. Bxd8 Rxe8 27. Bb6 Rxb2
28. Bc7 e4 29. d6 f5 30. d7 Rf8 31. Ng5 Bh6 32. Ne6 Rf6 33. Nc5 1-0

[Event "Championnat de France des Jeunes - Cadet"]
[Site "NIMES"]
[Date "2012.04.14"]
[Round "1.2"]
[White "Chansavang, Albain"]
[Black "Moussard, Jules"]
[Result "0-1"]
[WhiteElo "1811"]
[BlackElo "2390"]
[PlyCount "58"]

1. g3 d5 2. d4 Bf5 3. Bg2 e6 4. Nf3 Nf6 5. O-O Be7 6. c3 c5 7. Nbd2 h6 8. Re1
O-O 9. c4 Bh7 10. a3 a6 11. cxd5 Nxd5 12. Nc4 Nc6 13. e4 Nf6 14. e5 Nd5 15. Ne3
Nb6 16. dxc5 Bxc5 17. b4 Be7 18. Bb2 Qc7 19. Qe2 Na4 20. Rac1 Rfd8 21. Ba1 a5
22. Nd4 Nxd4 23. Rxc7 Nxe2+ 24. Rxe2 Rac8 25. Rxe7 Rc1+ 26. Bf1 Rxa1 27. Rd2
Bd3 28. Rxb7 Kh7 29. Kg2 Be4+ 0-1

[Event "Championnat de France des Jeunes - Cadet"]
[Site "NIMES"]
[Date "2012.04.14"]
[Round "1.5"]
[White "Domenech, Vianney"]
[Black "Messaoud, Mehdi"]
[Result "1-0"]
[WhiteElo "2181"]
[BlackElo "1790"]
[PlyCount "43"]

1. d4 Nf6 2. Bf4 c5 3. e3 g6 4. c3 Qb6 5. Qb3 Qxb3 6. axb3 Nc6 7. Nd2 d6 8. Be2
Nh5 9. Bxh5 gxh5 10. d5 e5 11. Bg3 Ne7 12. e4 f5 13. Nc4 Ng6 14. Nb6 Rb8 15.
Nxc8 f4 16. Nxa7 fxg3 17. hxg3 Ra8 18. Rxh5 Be7 19. Ra3 O-O 20. Nf3 Rf7 21. Nb5
Rxa3 22. bxa3 1-0

[Event "Championnat de France des Jeunes - Cadet"]
[Site "NIMES"]
[Date "2012.04.15"]
[Round "2.1"]
[White "Cabanes, Kim"]
[Black "Sochacki, Christophe"]
[Result "0-1"]
[WhiteElo "2033"]
[BlackElo "2407"]
[Annotator "Rivier,Sylvain"]
[PlyCount "54"]

1. d4 Nf6 2. Bf4 c5 3. e3 d6 4. c3 cxd4 5. exd4 g6 6. Bd3 Bg7 7. Nf3 Nc6 8. O-O
O-O 9. Qd2 Bg4 10. Ng5 e5 11. dxe5 dxe5 12. Be3 Qd5 13. Bc2 Rad8 14. Qxd5 Nxd5
15. Bc5 Rfe8 16. Ba4 e4 17. f3 exf3 18. Nxf3 Nf4 19. Bxc6 bxc6 20. Nd4 Ne2+ 21.
Nxe2 Rxe2 22. h3 Be6 23. Bxa7 Rxb2 24. a4 Bc4 25. Re1 Ra8 26. Bf2 Ba2 27. Bd4
Bd5 {suite illisible} 0-1

[Event "Championnat de France des Jeunes - Cadet"]
[Site "NIMES"]
[Date "2012.04.15"]
[Round "2.2"]
[White "Moussard, Jules"]
[Black "Civit, Pierre"]
[Result "1-0"]
[WhiteElo "2390"]
[BlackElo "2005"]
[PlyCount "61"]

1. a3 Nf6 2. c4 c5 3. Nc3 e6 4. Nf3 d5 5. cxd5 exd5 6. d4 Nc6 7. h3 Be7 8. e3
O-O 9. Be2 c4 10. b3 b5 11. O-O Rb8 12. Ne5 Qc7 13. f4 b4 14. axb4 Bxb4 15. Na2
cxb3 16. Nxc6 Qxc6 17. Nxb4 Rxb4 18. Ba3 b2 19. Rb1 Rb8 20. Bxf8 Kxf8 21. Qd3
Kg8 22. Qa3 Qb6 23. Bd3 Qb3 24. Qxb3 Rxb3 25. Rfd1 h5 26. Rd2 Rxd3 27. Rxd3 Bf5
28. Rdd1 Bc2 29. Re1 Bxb1 30. Rxb1 h4 31. Rxb2 1-0

[Event "Championnat de France des Jeunes - Cadet"]
[Site "NIMES"]
[Date "2012.04.15"]
[Round "2.3"]
[White "Allard, Thomas"]
[Black "Loiseau, Quentin"]
[Result "0-1"]
[WhiteElo "2019"]
[BlackElo "2273"]
[PlyCount "84"]

1. e4 c5 2. Nf3 d6 3. d4 cxd4 4. Nxd4 Nf6 5. Nc3 Nc6 6. Bg5 Qb6 7. Nb3 e6 8.
Qd2 Be7 9. O-O-O a6 10. f3 Qc7 11. Kb1 b5 12. g4 Ne5 13. Bxf6 gxf6 14. f4 Nc4
15. Bxc4 bxc4 16. Nd4 Rb8 17. Ka1 Bd7 18. Rhe1 Qc5 19. Re3 Rb7 20. Rde1 Kd8 21.
R3e2 Kc7 22. Nf5 Bd8 23. Ne3 Kb8 24. Rd1 Be7 25. Qd4 Qb4 26. Ncd5 exd5 27. Nxd5
Qc5 28. Nxe7 Bxg4 29. Qxf6 Re8 30. Nc6+ Qxc6 31. Rxd6 Qc5 32. Re1 Rxe4 33. Rb1
c3 34. b3 Re6 35. Qh8+ Ka7 36. Rd8 Rd6 37. Qf8 Rd5 38. Ra8+ Kb6 39. Qg7 h5 40.
b4 Qc4 41. Qf6+ Be6 42. f5 Qxa2+ 0-1

[Event "Championnat de France des Jeunes - Cadet"]
[Site "NIMES"]
[Date "2012.04.15"]
[Round "2.4"]
[White "Barbot, Pierre"]
[Black "Malassagne, Raphael"]
[Result "1-0"]
[WhiteElo "2261"]
[BlackElo "1987"]
[PlyCount "49"]

1. e4 d5 2. exd5 Qxd5 3. d4 Nc6 4. Nf3 Bg4 5. Be2 e5 6. c4 Qe4 7. d5 Nb4 8. Nc3
Qf5 9. O-O Nf6 10. Nxe5 Bxe2 11. Qxe2 O-O-O 12. Nxf7 Re8 13. Qf3 Qxf3 14. gxf3
Rg8 15. Bf4 Nd3 16. Bg3 Nh5 17. Ng5 Be7 18. Ne6 Nxg3 19. hxg3 Bf6 20. Nb5 Bxb2
21. Rad1 Rxe6 22. dxe6 Ne5 23. Nxa7+ Kb8 24. Nb5 Re8 25. e7 1-0

[Event "Championnat de France des Jeunes - Cadet"]
[Site "NIMES"]
[Date "2012.04.15"]
[Round "2.5"]
[White "Luciani, Thibault"]
[Black "Domenech, Vianney"]
[Result "0-1"]
[WhiteElo "1990"]
[BlackElo "2181"]
[PlyCount "74"]

1. d4 d5 2. c4 c6 3. Nf3 Nf6 4. e3 Bg4 5. Be2 e6 6. b3 Nbd7 7. Bb2 Bd6 8. Nbd2
Ne4 9. Nxe4 dxe4 10. Nd2 Bf5 11. O-O Qh4 12. f4 Rg8 13. Qe1 Qh6 14. c5 Bc7 15.
Nc4 g5 16. Nd6+ Bxd6 17. cxd6 Nf6 18. Qb4 O-O-O 19. Ba6 Rd7 20. Rac1 Nd5 21.
Rxc6+ Kb8 22. Qb5 gxf4 23. Rc7 Nb6 24. Rxd7 f3 25. g3 Qxe3+ 26. Rf2 Qe1+ 27.
Rf1 f2+ 28. Kg2 e3 29. Rxb7+ Ka8 30. Re7 Be4+ 31. Kh3 e2 32. Re8+ Nc8 33. d7
Qxf1+ 34. Kh4 Qh3+ 35. Kxh3 f1=Q+ 36. Kh4 Qf6+ 37. Kh5 Qg6+ 0-1

[Event "Championnat de France des Jeunes - Cadet"]
[Site "NIMES"]
[Date "2012.04.15"]
[Round "3.1"]
[White "Sochacki, Christophe"]
[Black "Ane, Cedric"]
[Result "1-0"]
[WhiteElo "2407"]
[BlackElo "2120"]
[PlyCount "49"]

1. e4 c5 2. Nf3 Nc6 3. b4 cxb4 4. d4 d5 5. exd5 Qxd5 6. c4 Qe4+ 7. Be2 e6 8.
O-O Nf6 9. Re1 Be7 10. Bd3 Qg4 11. Bb2 O-O 12. Qc2 Qh5 13. Nbd2 h6 14. Re3 Rd8
15. Rae1 Qa5 16. d5 Nb8 17. Nd4 e5 18. N4b3 Qa4 19. Bxe5 Bd6 20. Be2 a6 21. c5
Bf8 22. d6 Nc6 23. Bc4 Na5 24. Nxa5 Qxa5 25. Nb3 1-0

[Event "Championnat de France des Jeunes - Cadet"]
[Site "NIMES"]
[Date "2012.04.15"]
[Round "3.2"]
[White "Duff, Rufus"]
[Black "Moussard, Jules"]
[Result "0-1"]
[WhiteElo "2120"]
[BlackElo "2390"]
[PlyCount "68"]

1. e4 c5 2. Nf3 d6 3. d4 cxd4 4. Nxd4 Nf6 5. Nc3 a6 6. Be3 e6 7. f3 Be7 8. Qd2
b5 9. O-O-O Bb7 10. g4 h6 11. h4 Nbd7 12. Rg1 b4 13. Nce2 Qa5 14. Kb1 Ne5 15.
Nc1 Nfd7 16. g5 hxg5 17. Bxg5 Nf6 18. Nd3 Qb6 19. Nxe5 dxe5 20. Nb3 Kf8 21. Be3
Qc7 22. Qf2 g6 23. Bb6 Qc8 24. Nc5 Kg7 25. Be2 Bc6 26. Rh1 Bb5 27. Nd3 Bd6 28.
Be3 Qc6 29. Bg5 Nh5 30. Rc1 Qc7 31. c4 bxc3 32. Rxc3 Qb7 33. Nc5 Bxc5 34. Rxc5
Bxe2 0-1

[Event "Championnat de France des Jeunes - Cadet"]
[Site "NIMES"]
[Date "2012.04.15"]
[Round "3.3"]
[White "Loiseau, Quentin"]
[Black "Ringuet, Noe"]
[Result "1-0"]
[WhiteElo "2273"]
[BlackElo "2096"]
[PlyCount "37"]

1. d4 Nf6 2. Nf3 g6 3. c4 Bg7 4. Nc3 d5 5. cxd5 Nxd5 6. e4 Nxc3 7. bxc3 c5 8.
Be3 O-O 9. Be2 Qa5 10. O-O Nc6 11. Qb3 e6 12. Rfd1 Kh8 13. Rac1 f5 14. d5 Ne5
15. Nxe5 Bxe5 16. f4 Bg7 17. dxe6 Qb6 18. e7 Re8 19. Qxb6 1-0

[Event "Championnat de France des Jeunes - Cadet"]
[Site "NIMES"]
[Date "2012.04.15"]
[Round "3.4"]
[White "Aubry, Yannis"]
[Black "Barbot, Pierre"]
[Result "1/2-1/2"]
[WhiteElo "2069"]
[BlackElo "2261"]
[PlyCount "60"]

1. d4 Nf6 2. c4 g6 3. Nc3 d5 4. cxd5 Nxd5 5. Bd2 Bg7 6. e4 Nb6 7. Be3 O-O 8. h3
f5 9. exf5 Bxf5 10. Nf3 Nc6 11. Qb3+ Kh8 12. d5 Ne5 13. Nxe5 Bxe5 14. Rd1 Qe8
15. g4 Bd7 16. Bg2 e6 17. O-O Nxd5 18. Nxd5 exd5 19. Qxd5 Bc6 20. Qxe5+ Qxe5
21. Bd4 Qxd4 22. Rxd4 Bxg2 23. Kxg2 Rad8 24. Rfd1 Rxd4 25. Rxd4 Kg7 26. Rd7+
Rf7 27. Rd8 Rf8 28. Rd7+ Rf7 29. Rd8 Rf8 30. Rd7+ Rf7 1/2-1/2

[Event "Championnat de France des Jeunes - Cadet"]
[Site "NIMES"]
[Date "2012.04.15"]
[Round "3.5"]
[White "Domenech, Vianney"]
[Black "Martin, Axel"]
[Result "1-0"]
[WhiteElo "2181"]
[BlackElo "2039"]
[PlyCount "65"]

1. d4 Nf6 2. Bf4 e6 3. e3 c5 4. c3 b6 5. Nd2 Bb7 6. Ngf3 Be7 7. h3 O-O 8. a3 d6
9. Bd3 Nbd7 10. Qe2 Qc7 11. e4 cxd4 12. cxd4 e5 13. Bh2 Rfe8 14. O-O Rac8 15.
b4 Bf8 16. d5 g6 17. Nh4 Nh5 18. g3 Qc3 19. Nc4 Ba6 20. Rfc1 Qb3 21. Rab1 Qa4
22. Nb2 Qxa3 23. Bxa6 Rxc1+ 24. Rxc1 Qxb4 25. Qb5 Qa3 26. Qxd7 Qxb2 27. Rc7
Qb1+ 28. Bf1 Re7 29. Qxd6 Rxc7 30. Qxc7 a5 31. d6 a4 32. d7 Be7 33. Qb8+ 1-0

[Event "Championnat de France des Jeunes - Cadet"]
[Site "NIMES"]
[Date "2012.04.16"]
[Round "4.2"]
[White "Moussard, Jules"]
[Black "Roubaud, Alexandre"]
[Result "1/2-1/2"]
[WhiteElo "2390"]
[BlackElo "2123"]
[PlyCount "199"]

1. a3 g6 2. d4 Bg7 3. Nf3 Nf6 4. h3 d6 5. Bf4 c5 6. e3 cxd4 7. exd4 Qb6 8. Nc3
Bd7 9. b4 O-O 10. Bd3 Na6 11. O-O Nc7 12. Re1 Rac8 13. Bg5 Ne6 14. Bxf6 exf6
15. Nd5 Qd8 16. b5 Re8 17. Qd2 Nc7 18. Rxe8+ Bxe8 19. Nxc7 Qxc7 20. c4 Bd7 21.
a4 f5 22. a5 Be6 23. a6 b6 24. Rc1 Qd8 25. Bf1 Qf8 26. Qb4 Bd5 27. Nd2 Bf6 28.
Nb3 Ba8 29. Qd2 Qd8 30. d5 Bg5 31. f4 Bf6 32. Nd4 Bxd5 33. Nxf5 gxf5 34. Qxd5
Rc5 35. Qd3 d5 36. Qxf5 dxc4 37. Qg4+ Kf8 38. Rd1 Rd5 39. Rxd5 Qxd5 40. Qc8+
Kg7 41. Qxc4 Bd4+ 42. Kh2 Qe4 43. Qe2 Be3 44. Qd3 Bd4 45. Qg3+ Kf8 46. Bd3 Qe3
47. Qxe3 Bxe3 48. Kg3 h6 49. Kf3 Bd2 50. Ke4 Ke7 51. Bc4 Be1 52. Kf5 Bd2 53. g3
Be3 54. Ke4 Bd2 55. Be2 Be1 56. Kf3 Kf6 57. Kg2 Ke6 58. Bh5 Bd2 59. Kf2 Bb4 60.
Ke2 Bc3 61. h4 Kf6 62. g4 Kg7 63. g5 hxg5 64. hxg5 f6 65. g6 f5 66. Kd3 Bf6 67.
Kc4 Kf8 68. Kd5 Ke7 69. Be2 Bg7 70. Bd3 Bf6 71. Bxf5 Bg7 72. Be6 Bf6 73. Bg4
Bg7 74. Bc8 Bf6 75. Ke4 Bg7 76. Kf5 Bc3 77. Kg5 Bb2 78. Bb7 Bc3 79. Bc6 Bb2 80.
Kh6 Kf8 81. f5 Bg7+ 82. Kh7 Bf6 83. Bf3 Bc3 84. Kh6 Bg7+ 85. Kg5 Ke7 86. Bh5
Bf6+ 87. Kh6 Kf8 88. g7+ Bxg7+ 89. Kg6 Bc3 90. f6 Ke8 91. Bg4 Bxf6 92. Kxf6 Kd8
93. Ke6 Kc7 94. Ke7 Kb8 95. Be6 Kc7 96. Bd5 Kb8 97. Kd6 Kc8 98. Kc6 Kb8 99. Bf3
Kc8 100. Kd6 1/2-1/2

[Event "Championnat de France des Jeunes - Cadet"]
[Site "NIMES"]
[Date "2012.04.16"]
[Round "4.3"]
[White "Meley, Hector"]
[Black "Loiseau, Quentin"]
[Result "0-1"]
[WhiteElo "2054"]
[BlackElo "2273"]
[PlyCount "76"]

1. d4 Nf6 2. c4 c5 3. d5 e6 4. Nc3 exd5 5. cxd5 d6 6. e4 g6 7. Be3 Bg7 8. f3
O-O 9. Qd2 Bd7 10. a4 Na6 11. Bd3 Nb4 12. Nge2 Nxd3+ 13. Qxd3 Qe7 14. O-O Rfe8
15. Bg5 h6 16. Bh4 g5 17. Bf2 Nh5 18. g4 Nf4 19. Nxf4 gxf4 20. Kg2 h5 21. h3 a6
22. Rfb1 Rac8 23. Ra3 Qf6 24. Ne2 b5 25. axb5 Bxb5 26. Qd2 Bh6 27. Nc3 Qg6 28.
Ra5 Rb8 29. Nxb5 axb5 30. Qd3 c4 31. Qc2 Bg7 32. b3 c3 33. b4 Rec8 34. Rb3 Rc4
35. Be1 Be5 36. Kf1 hxg4 37. hxg4 Qh6 38. Kg2 Kg7 0-1

[Event "Championnat de France des Jeunes - Cadet"]
[Site "NIMES"]
[Date "2012.04.16"]
[Round "4.4"]
[White "Barbot, Pierre"]
[Black "Chauvet, Vincent"]
[Result "0-1"]
[WhiteElo "2261"]
[BlackElo "2058"]
[PlyCount "80"]

1. e4 e5 2. Nc3 Nf6 3. f4 d5 4. fxe5 Nxe4 5. Nf3 Be7 6. Qe2 Nxc3 7. dxc3 O-O 8.
Bf4 c5 9. O-O-O Nc6 10. Qf2 Qa5 11. Kb1 Be6 12. Qg3 d4 13. c4 b5 14. Bh6 g6 15.
Ng5 Bxc4 16. Bxc4 bxc4 17. e6 f6 18. Bxf8 Rxf8 19. Ne4 Rb8 20. Nd2 Rxb2+ 21.
Kxb2 c3+ 22. Ka1 Nb4 23. Qb8+ Kg7 24. Qxb4 Qxb4 25. Rb1 Qa4 26. Nb3 f5 27. Rhe1
Kf6 28. Re2 Qa6 29. Rbe1 Qa3 30. Rb1 a5 31. g3 Bd6 32. Ree1 Ke7 33. Nc1 c4 34.
Rb7+ Ke8 35. e7 Qc5 36. a4 Qa3+ 37. Na2 d3 38. Re6 d2 39. Rxd6 Qxd6 40. Nxc3
Qa3+ 0-1

[Event "Championnat de France des Jeunes - Cadet"]
[Site "NIMES"]
[Date "2012.04.16"]
[Round "4.5"]
[White "Feryn, Benjamin"]
[Black "Aubry, Yannis"]
[Result "1/2-1/2"]
[WhiteElo "2124"]
[BlackElo "2069"]
[PlyCount "86"]

1. e4 e6 2. d4 d5 3. Nc3 Bb4 4. e5 c5 5. a3 Bxc3+ 6. bxc3 Ne7 7. Qg4 O-O 8. Bd3
f5 9. exf6 Rxf6 10. Bg5 Rf7 11. Qh4 h6 12. Nf3 Nbc6 13. Bg6 Nxg6 14. Bxd8 Nxh4
15. Bxh4 cxd4 16. cxd4 Rxf3 17. gxf3 Nxd4 18. O-O-O Nxf3 19. Bg3 Bd7 20. Rd3
Ng5 21. Be5 Nf7 22. Bb2 Kh7 23. Rg1 Rg8 24. Rdg3 g5 25. f4 Nd6 26. fxg5 Rxg5
27. Rxg5 hxg5 28. Rxg5 Nf5 29. Be5 Bc6 30. Kb2 Ne3 31. Kb3 a5 32. Rg7+ Kh6 33.
a4 Nc4 34. Bc3 e5 35. Re7 e4 36. Bd4 Nd2+ 37. Kc3 Nf3 38. h3 Kg5 39. Bf2 Kf6
40. Rh7 Kg6 41. Re7 Kf6 42. Rh7 Kg6 43. Re7 Kf6 1/2-1/2

[Event "Championnat de France des Jeunes - Cadet"]
[Site "NIMES"]
[Date "2012.04.17"]
[Round "5.1"]
[White "Sochacki, Christophe"]
[Black "Loiseau, Quentin"]
[Result "1-0"]
[WhiteElo "2407"]
[BlackElo "2273"]
[PlyCount "137"]

1. e4 c5 2. Nf3 d6 3. d4 cxd4 4. Qxd4 Nc6 5. Bb5 Bd7 6. Bxc6 Bxc6 7. Nc3 h6 8.
g4 e5 9. Qd3 Be7 10. Rg1 Nf6 11. Be3 Qa5 12. O-O-O Qa6 13. Qxa6 bxa6 14. Nd5
Rc8 15. Nxf6+ Bxf6 16. Rxd6 Bxe4 17. Ne1 Bb7 18. Bxa7 Be7 19. Rb6 Rc7 20. Bb8
Rd7 21. Bxe5 Bc5 22. Rb3 Bxf2 23. Bxg7 Bxg1 24. Bxh8 Bxh2 25. Nd3 Bf3 26. Rb4
Be2 27. Kd2 Bxd3 28. cxd3 Rd6 29. Re4+ Kd7 30. Bd4 Rd5 31. Bf6 Bd6 32. a3 Kc6
33. Kc3 Kd7 34. b4 Kc6 35. Kc4 Rb5 36. Re8 h5 37. g5 Bf4 38. Ra8 Kb7 39. Rg8 h4
40. Rg7 Kc6 41. Rxf7 Bxg5 42. Bxg5 Rxg5 43. Rf6+ Kb7 44. Rh6 Rg4+ 45. Kc3 Ka7
46. Rh5 Kb6 47. a4 Kc6 48. Rh6+ Kb7 49. a5 Rf4 50. d4 Rf3+ 51. Kc4 h3 52. d5
Ra3 53. Rh7+ Kc8 54. Kc5 Rb3 55. Kc6 Rc3+ 56. Kb6 Rb3 57. Rh4 h2 58. Kc5 Rb2
59. Rh8+ Kd7 60. Rh7+ Kc8 61. Kc6 Rc2+ 62. Kd6 Rb2 63. Kc6 Rc2+ 64. Kb6 Rb2 65.
b5 Rxb5+ 66. Kc6 Kd8 67. d6 Re5 68. Rh8+ Re8 69. Rxh2 1-0

[Event "Championnat de France des Jeunes - Cadet"]
[Site "NIMES"]
[Date "2012.04.17"]
[Round "5.2"]
[White "Chauvet, Vincent"]
[Black "Moussard, Jules"]
[Result "0-1"]
[WhiteElo "2058"]
[BlackElo "2390"]
[PlyCount "94"]

1. d4 d5 2. c4 c5 3. cxd5 Qxd5 4. Nf3 cxd4 5. Qxd4 Qxd4 6. Nxd4 a6 7. g3 e5 8.
Nf3 Nc6 9. Bg2 e4 10. Ng5 f5 11. O-O Nf6 12. Nc3 Bc5 13. Nh3 Be6 14. Nf4 Bf7
15. b3 O-O-O 16. Na4 Bd4 17. Rb1 b5 18. e3 bxa4 19. exd4 axb3 20. axb3 Nxd4 21.
Ba3 Rd7 22. Bc5 Nxb3 23. Ba3 Rhd8 24. Rfe1 Rc7 25. Bf1 a5 26. Ba6+ Kb8 27. Bb2
Ka7 28. Be2 Rd2 29. Bd1 a4 30. Ba3 g5 31. Ng2 Nd7 32. Bxb3 axb3 33. Bc1 Ra2 34.
Bxg5 Ne5 35. Nh4 Nd3 36. Rf1 Be6 37. Be3+ Ka6 38. Nxf5 Bxf5 39. Rxb3 Rcc2 40.
Rb6+ Ka5 41. Rb7 Rcb2 42. Rf7 Bh3 43. Rd1 Bg4 44. Ra7+ Kb4 45. Rb7+ Kc4 46.
Rc7+ Kd5 47. Rf1 Be2 0-1

[Event "Championnat de France des Jeunes - Cadet"]
[Site "NIMES"]
[Date "2012.04.17"]
[Round "5.3"]
[White "Roubaud, Alexandre"]
[Black "Domenech, Vianney"]
[Result "0-1"]
[WhiteElo "2123"]
[BlackElo "2181"]
[PlyCount "100"]

1. e4 c6 2. Nc3 d5 3. Nf3 dxe4 4. Nxe4 Nf6 5. Ng3 h5 6. h3 h4 7. Ne2 Bf5 8. d3
Nbd7 9. Bg5 Qb6 10. Ned4 Bg6 11. Nb3 O-O-O 12. a4 e5 13. a5 Qb4+ 14. c3 Qe7 15.
Nxh4 e4 16. Nxg6 fxg6 17. d4 Ne5 18. Qc1 Nd3+ 19. Bxd3 exd3+ 20. Be3 Qe4 21.
Rg1 Nd5 22. Qd2 Nf4 23. f3 Qe6 24. Kf2 Nh5 25. Nc1 Bd6 26. Nxd3 Rhe8 27. Nf4
Qxe3+ 28. Qxe3 Bxf4 29. Qxe8 Rxe8 30. Rgd1 Be3+ 31. Ke2 Bxd4+ 32. Kd3 Bf6 33.
Ra4 g5 34. Kc2 Nf4 35. Rd2 Kc7 36. Ra1 a6 37. c4 c5 38. Rad1 Re7 39. b3 Ne6 40.
Rd5 Nd4+ 41. Kd3 Nxb3 42. Rb1 Nxa5 43. Rxc5+ Nc6 44. Rd5 Re5 45. g3 a5 46. f4
gxf4 47. gxf4 Nb4+ 48. Kd2 Rxd5+ 49. cxd5 Nxd5 50. Rb5 Kc6 0-1

[Event "Championnat de France des Jeunes - Cadet"]
[Site "NIMES"]
[Date "2012.04.17"]
[Round "5.4"]
[White "Cabanes, Kim"]
[Black "Feryn, Benjamin"]
[Result "1/2-1/2"]
[WhiteElo "2033"]
[BlackElo "2124"]
[PlyCount "87"]

1. e4 e5 2. Nf3 Nc6 3. Bb5 Nge7 4. Nc3 g6 5. d4 exd4 6. Nd5 Bg7 7. Bg5 h6 8.
Bf6 Bxf6 9. Nxf6+ Kf8 10. O-O Kg7 11. Nd5 d6 12. Bxc6 Nxc6 13. Nxd4 Nxd4 14.
Qxd4+ f6 15. c4 Be6 16. Nc3 Qe7 17. Rae1 Rhe8 18. b3 a6 19. f4 Bf7 20. Rf2 Rad8
21. Rfe2 Qd7 22. h3 h5 23. Nd5 Bxd5 24. exd5 Rxe2 25. Rxe2 Re8 26. Re4 Kf7 27.
Kf2 Qf5 28. Rxe8 Kxe8 29. Kf3 Kf7 30. Qe4 Qxe4+ 31. Kxe4 a5 32. g4 hxg4 33.
hxg4 b6 34. a3 Ke7 35. b4 axb4 36. axb4 Kd7 37. Kd4 Kc8 38. Kc3 Kb7 39. g5 f5
40. b5 Kc8 41. Kd4 Kb7 42. Kc3 Kc8 43. Kd4 Kb7 44. Kc3 1/2-1/2

[Event "Championnat de France des Jeunes - Cadet"]
[Site "NIMES"]
[Date "2012.04.17"]
[Round "5.5"]
[White "Civit, Pierre"]
[Black "Ane, Cedric"]
[Result "1-0"]
[WhiteElo "2005"]
[BlackElo "2120"]
[PlyCount "140"]

1. Nf3 Nf6 2. c4 e6 3. g3 b6 4. Bg2 Bb7 5. O-O Be7 6. d4 O-O 7. Nc3 Ne4 8. Qc2
Nxc3 9. Qxc3 f5 10. b3 Be4 11. Bb2 Bf6 12. Rfd1 d6 13. Rac1 Nd7 14. Qd2 Qe7 15.
Ne1 Bxg2 16. Nxg2 a5 17. Qc2 Bg5 18. f4 Bh6 19. e4 e5 20. dxe5 dxe5 21. exf5
exf4 22. Nxf4 Bxf4 23. gxf4 Nc5 24. Rd5 Qe3+ 25. Qf2 Qxf2+ 26. Kxf2 c6 27. Rg1
Ra7 28. Rdd1 Rxf5 29. Rd8+ Rf8 30. Rxf8+ Kxf8 31. Kf3 Nd3 32. Bd4 c5 33. Rd1
Nb4 34. Be5 Nxa2 35. Rd8+ Kf7 36. Rb8 a4 37. bxa4 Rxa4 38. Rxb6 Rxc4 39. Rb7+
Ke6 40. Rxg7 Nc3 41. Rxh7 Nd5 42. h4 Ra4 43. Rb7 Kf5 44. Rf7+ Ke6 45. Rf8 Ke7
46. Rg8 Ra6 47. Rc8 Rh6 48. Kg4 c4 49. Kg5 Rh7 50. Rxc4 Ke6 51. Rc6+ Kf7 52.
Rd6 Ne3 53. Rd7+ Kg8 54. Rd8+ Kf7 55. Rd7+ Kg8 56. Rd3 Nc4 57. Rd8+ Kf7 58. Bc3
Ne3 59. Rd7+ Kg8 60. Rd8+ Kf7 61. h5 Ke7 62. Rb8 Kf7 63. Rb7+ Kg8 64. Rb8+ Kf7
65. h6 Nd5 66. Rb7+ Kg8 67. Rb8+ Kf7 68. Bd4 Ne7 69. Rb7 Ke6 70. Bf6 Rxh6 1-0

[Event "Championnat de France des Jeunes - Cadet"]
[Site "NIMES"]
[Date "2012.04.18"]
[Round "6.1"]
[White "Moussard, Jules"]
[Black "Sochacki, Christophe"]
[Result "1-0"]
[WhiteElo "2390"]
[BlackElo "2407"]
[PlyCount "89"]

1. c4 Nf6 2. g3 e6 3. Bg2 d5 4. Nf3 Be7 5. O-O O-O 6. d4 dxc4 7. Qa4 a6 8. Qxc4
b5 9. Qc2 Bb7 10. Bd2 Nc6 11. Rc1 Rc8 12. a3 Nb8 13. Ba5 Be4 14. Qd1 Bd6 15.
Nbd2 Bd5 16. Qc2 Nc6 17. Bc3 b4 18. axb4 Nxb4 19. Qb1 Bb7 20. e4 Be7 21. Ra4 a5
22. Rxa5 c5 23. Ra4 Qb6 24. Ne5 Qb5 25. b3 cxd4 26. Bxd4 Qe2 27. Rxc8 Rxc8 28.
Nec4 Rd8 29. Bf3 Qd3 30. Qxd3 Nxd3 31. e5 Nd5 32. Ra7 Bc6 33. Bxd5 Bxd5 34.
Rxe7 Bxc4 35. Bb6 Ra8 36. Nxc4 Ra1+ 37. Kg2 g5 38. Kf3 Rb1 39. Re8+ Kg7 40. Bd8
Rxb3 41. Bf6+ Kh6 42. Ne3 Kh5 43. Rg8 h6 44. g4+ Kh4 45. Rh8 1-0

[Event "Championnat de France des Jeunes - Cadet"]
[Site "NIMES"]
[Date "2012.04.18"]
[Round "6.2"]
[White "Loiseau, Quentin"]
[Black "Civit, Pierre"]
[Result "1-0"]
[WhiteElo "2273"]
[BlackElo "2005"]
[PlyCount "139"]

1. d4 e6 2. Nf3 Nf6 3. c4 c5 4. d5 b5 5. dxe6 fxe6 6. cxb5 d5 7. Nbd2 Qa5 8. e3
Bd6 9. Qc2 O-O 10. Qc3 Qc7 11. Bd3 Kh8 12. b3 e5 13. e4 Bb7 14. Qc2 Qe7 15. O-O
Nbd7 16. Re1 Nb6 17. a4 dxe4 18. Nxe4 Nbd5 19. Bd2 Rae8 20. Rac1 Nb4 21. Bxb4
cxb4 22. Nfg5 h6 23. Nxd6 Qxd6 24. Ne4 Qd4 25. Nxf6 Rxf6 26. Bf1 Rc8 27. Qe2
Rcf8 28. Rcd1 Qb6 29. Qe3 Rxf2 30. Qxb6 axb6 31. Rxe5 Rb2 32. Re7 Bd5 33. Re2
Rxe2 34. Bxe2 Bxb3 35. Rb1 Bxa4 36. Rxb4 Bc2 37. Rc4 Bf5 38. Rc6 Rf6 39. Rc7
Be4 40. Re7 Bd5 41. Bd3 g5 42. Rd7 Bb3 43. h3 Ba4 44. Ra7 Rd6 45. Be2 Bd1 46.
Bc4 Rd4 47. Rc7 Rd6 48. Rc6 Rd4 49. Rxh6+ Kg7 50. Rc6 g4 51. hxg4 Bxg4 52. Bf1
Rd1 53. Kf2 Rd2+ 54. Kg3 Be2 55. Bxe2 Rxe2 56. Rxb6 Rb2 57. Rb8 Rb4 58. b6 Kh7
59. Kf3 Kg7 60. Ke3 Rb2 61. Kd4 Rxg2 62. Re8 Rb2 63. Kc5 Kf7 64. Re4 Kf6 65.
Kc6 Rc2+ 66. Kd7 Rd2+ 67. Kc8 Rc2+ 68. Kb8 Rb2 69. b7 Kf7 70. Kc7 1-0

[Event "Championnat de France des Jeunes - Cadet"]
[Site "NIMES"]
[Date "2012.04.18"]
[Round "6.3"]
[White "Deslias, Gregoire"]
[Black "Domenech, Vianney"]
[Result "1/2-1/2"]
[WhiteElo "2054"]
[BlackElo "2181"]
[PlyCount "112"]

1. e4 c6 2. d4 d5 3. exd5 cxd5 4. Bd3 Nf6 5. h3 Nc6 6. c3 e6 7. Nf3 Be7 8. O-O
O-O 9. Bf4 a6 10. a4 b6 11. Nbd2 Bb7 12. Qe2 Bd6 13. Bg5 h6 14. Bh4 Re8 15. Ne5
Be7 16. f4 Qc8 17. f5 Nxe5 18. dxe5 exf5 19. Bxf5 Qc7 20. Kh1 Ne4 21. Be1 Qxe5
22. Nxe4 dxe4 23. Bd2 Rad8 24. Qh5 Rd5 25. c4 Bd6 26. Bf4 Qxf5 27. Qxf5 Rxf5
28. Bxd6 Rxf1+ 29. Rxf1 Rd8 30. Bf4 g5 31. Be3 b5 32. axb5 axb5 33. cxb5 Rd3
34. Re1 Rb3 35. b6 Rxb2 36. Rc1 Rb3 37. Rc7 Rxe3 38. Rxb7 Rb3 39. Re7 Rxb6 40.
Rxe4 Kg7 41. Kh2 Rb2 42. Ra4 h5 43. h4 g4 44. Ra5 Kg6 45. Rg5+ Kh6 46. Rf5 Rb7
47. Rf6+ Kg7 48. Rf5 Kg6 49. Rg5+ Kh6 50. Rf5 Re7 51. Rf6+ Kg7 52. Rf5 Kg6 53.
Rg5+ Kh6 54. Rf5 Kg6 55. Rg5+ Kh6 56. Rf5 Kg6 1/2-1/2